000 00561nam a2200157 a 4500
008 120416s1971 ||||||||||||||||| || u
050 _aHE 5614.2 Whi
100 _aWhitlock, Francis Anthony
245 1 0 _aDeath on the road
246 _aa study in social violence
260 _aLondon
_bTavistock
_c1971
350 _a0.00
650 _aTRANSPORTATION
650 _aTRANSPORTATION--SOCIAL VIOLENCE
995 _D0.00
_FCBU-MAIN LIBRARY (Kitwe)
_H1
_I0.00
_M1
_UAVAILABLE
_ZMain Library Open Access Collection
999 _c39464
_d39464